000 00324nam a22001217a 4500
008 180517b xxu||||| |||| 00| 0 eng d
041 _aeng
080 _a043.3
100 _a0
101 _aMBE-BA
245 _aMetodika e Perpilimit te Statistikave te Sektorit Financiar dhe Sektorit te Jashtem
_cHoti, B
942 _2udc
_cBK
999 _c45869
_d45869